000 00321nam a2200109Ia 4500
008 171211s9999 xx 000 0 und d
245 _aWriting Analytically, 7th edition
245 _cDavid Rosenwasser and Jill Stephen
260 _c2014
650 _xLANGUAGES
856 _uhttp://down.ebook777.com/025/9781285436500.pdf
999 _c349741
_d349741